|
|
|
|
| LEADER |
01944cas a2200241 a 4500 |
| 001 |
AALejournalIMF019013 |
| 008 |
230101c9999 xx r poo 0 0eng d |
| 020 |
|
|
|c 5.00 USD
|
| 020 |
|
|
|z 9781484394007
|
| 022 |
|
|
|a 1934-7685
|
| 040 |
|
|
|a BD-DhAAL
|c BD-DhAAL
|
| 110 |
2 |
|
|a International Monetary Fund.
|b Western Hemisphere Dept.
|
| 245 |
1 |
0 |
|a Panama :
|b 2018 Article IV Consultation-Press Release; Staff Report; and Statement by the Executive Director for Panama.
|
| 264 |
|
1 |
|a Washington, D.C. :
|b International Monetary Fund,
|c 2019.
|
| 300 |
|
|
|a 1 online resource (74 pages)
|
| 490 |
1 |
|
|a IMF Staff Country Reports
|
| 500 |
|
|
|a <strong>Off-Campus Access:</strong> No User ID or Password Required
|
| 500 |
|
|
|a <strong>On-Campus Access:</strong> No User ID or Password Required
|
| 506 |
|
|
|a Electronic access restricted to authorized BRAC University faculty, staff and students
|
| 520 |
3 |
|
|a Panama has had the longest and fastest economic expansion in recent Latin American history. The economy has expanded at an average rate of about 6 percent per annum over the last quarter of a century, with Panama achieving one of the highest per capita income in Latin America. More recently, GDP grew by about 5 1\2 percent in 2017 (driven by the expanded Canal), and then slowed to 3 3/4 percent (y/y) in H1-2018. Inflation remained subdued, reaching almost 1 percent (y/y) in September 2018. The external current account deficit stayed at 8 percent of GDP in 2017, mostly covered by FDI. The fiscal position continued to be strong, with the overall deficit of the non-financial public sector (NFPS) at about 1 1\2 percent of GDP. Credit growth has decelerated as financial conditions have started to tighten.
|
| 538 |
|
|
|a Mode of access: Internet
|
| 830 |
|
0 |
|a IMF Staff Country Reports; Country Report ;
|v No. 2019/011
|
| 856 |
4 |
0 |
|z Full text available on IMF
|u http://elibrary.imf.org/view/journals/002/2019/011/002.2019.issue-011-en.xml
|z IMF e-Library
|